John W. Cato, administrator, and George M. Campbell, administrator. Findings of Court of Claims in cases of John W. Cato, administrator of John H. Cato, deceased, and George M. Campbell, administrator of F. M. Vandergriff, deceased.

Bibliographic Details
Corporate Authors: United States. Congress. House. Committee on War Claims, ProQuest (Firm), United States. Court of Claims
Format: eBook
Language:English
Published: Washington : [publisher not identified], 1895.
Series:United States congressional serial set.
Subjects:
Online Access:Connect to the full text of this electronic book

MARC

Tag First Indicator Second Indicator Subfields
LEADER 00000cam a22000001a 4500
001 in00002941920
005 20190401193432.0
006 m o d
007 cr un mmmapmmp
008 061130s1895 dcud o f000 0 eng d
035 |a cis2004025713 
040 |a UMI  |c UMI  |d UtOrBLW 
043 |a n-us--- 
099 |a ProQuest Serial Set Number 3327 H.misdoc.64 
110 1 |a United States.  |b Congress.  |b House.  |b Committee on War Claims. 
245 1 0 |a John W. Cato, administrator, and George M. Campbell, administrator. Findings of Court of Claims in cases of John W. Cato, administrator of John H. Cato, deceased, and George M. Campbell, administrator of F. M. Vandergriff, deceased. 
246 1 |a Cato, John W., and George M. Campbell, Court of Claims 
264 1 |a Washington :  |b [publisher not identified],  |c 1895. 
300 |a 1 online resource. 
336 |a text  |b txt  |2 rdacontent 
337 |a computer  |b c  |2 rdamedia 
338 |a online resource  |b cr  |2 rdacarrier 
490 0 |a H.misdoc.64 
500 |a Record is based on bibliographic data in ProQuest U.S. Serial Set Digital Collection (last viewed Nov. 2006). Reuse except for individual research requires license from ProQuest, LLC. 
510 3 |a ProQuest U.S. Serial Set Digital Collection 
500 |a Electronic resource. 
610 1 0 |a United States.  |b Congress  |v Private bills. 
650 0 |a Bills, Private  |z United States. 
651 0 |a United States  |x Claims. 
655 7 |a Electronic books.  |2 local 
710 2 |a ProQuest (Firm) 
710 1 |a United States.  |b Court of Claims. 
830 0 |a United States congressional serial set. 
856 4 0 |u http://proxy.library.tamu.edu/login?url=http://congressional.proquest.com/congcomp/getdoc?SERIAL-SET-ID=3327+H.misdoc.64  |z Connect to the full text of this electronic book  |t 0 
999 |a MARS 
999 f f |s ca11fa08-93a2-36c0-9701-484f49f44676  |i 39d9784e-13e1-3c9b-bf0d-249132ed550b  |t 0 
952 f f |a Texas A&M University  |b College Station  |c Electronic Resources  |d Available Online  |t 0  |e ProQuest Serial Set Number 3327 H.misdoc.64  |h Other scheme 
998 f f |a ProQuest Serial Set Number 3327 H.misdoc.64  |t 0  |l Available Online